[Event "TUR Cup"]
[Site "Adapazari"]
[Date "2022.03.30"]
[Round "9"]
[White "Hatirli, Ugur Can"]
[Black "Bagci, Hikmet"]
[Result "1-0"]
[WhiteElo "1846"]
[BlackElo "1609"]
[PlyCount "77"]
[EventDate "2022.03.25"]
[EventType "swiss"]
[EventRounds "11"]
[EventCountry "TUR"]
[SourceTitle "EXT 2023"]
[Source "ChessBase"]
[SourceDate "2022.10.05"]
[SourceVersion "1"]
[SourceVersionDate "2022.10.05"]
[SourceQuality "1"]

1. d4 Nf6 2. Nf3 e6 3. g3 b6 4. Bg2 Bb7 5. 0-0 Be7 6. c4 d5 7. Nc3 0-0 8. Ne5 Nbd7 9. Bf4 Nh5 10. cxd5 Nxf4 11. gxf4 Nf6 12. dxe6 Bxg2 13. exf7+ Kh8 14. Kxg2 Bd6 15. e3 Qe7 16. Qf3 c5 17. Qh3 Qb7+ 18. f3 Bxe5 19. fxe5 Nd5 20. Rae1 Qxf7 21. e6 Qb7 22. Qh5 Nf6 23. Qe5 Rfe8 24. d5 Qe7 25. e4 Rad8 26. Rd1 a6 27. h3 b5 28. Ne2 b4 29. Ng3 g6 30. f4 Kg8 31. f5 g5 32. d6 Qg7 33. e7 Rd7 34. Qe6+ Kh8 35. e5 Rdxe7 36. exf6 Rxe6 37. fxg7+ Kxg7 38. fxe6 Rxe6 39. d7 1-0

[Event "TUR Cup 1516"]
[Site "Manavgat"]
[Date "2016.02.06"]
[Round "11"]
[White "Yilmazel, Sinem"]
[Black "Bagci, Hikmet"]
[Result "0-1"]
[WhiteElo "1394"]
[BlackElo "1775"]
[PlyCount "86"]
[EventDate "2016.01.30"]
[EventType "swiss"]
[EventRounds "11"]
[EventCountry "TUR"]
[SourceTitle "EXT 2018"]
[Source "ChessBase"]
[SourceDate "2017.10.13"]
[SourceVersion "1"]
[SourceVersionDate "2017.10.13"]
[SourceQuality "1"]

1. e4 c5 2. Nf3 d6 3. Bb5+ Bd7 4. Bxd7+ Qxd7 5. d4 cxd4 6. Nxd4 Nf6 7. Nc3 g6 8. 0-0 Bg7 9. h3 0-0 10. Be3 a6 11. Qd2 Nc6 12. Rfd1 Rfe8 13. Bh6 Bh8 14. Nf3 Rad8 15. a3 b5 16. Qf4 Nh5 17. Qe3 e6 18. Rd3 Qc7 19. Qd2 Ne5 20. Nxe5 dxe5 21. Rd1 Bf6 22. Qe3 Rxd3 23. Rxd3 Nf4 24. Rd2 Bg7 25. Bxg7 Kxg7 26. Ne2 Nxe2+ 27. Qxe2 f5 28. Qd1 Re7 29. f3 h6 30. Qe2 Rd7 31. Rxd7+ Qxd7 32. Kf1 Kf6 33. Qd3 Qd4 34. Ke2 fxe4 35. fxe4 h5 36. g3 Kg5 37. Qxd4 exd4 38. Kd3 e5 39. c3 dxc3 40. Kxc3 h4 41. gxh4+ Kxh4 42. Kb4 Kxh3 43. Kc5 g5 0-1

[Event "Manavgat Turkey Cup"]
[Site "Manavgat"]
[Date "2016.02.02"]
[Round "6"]
[White "Bagci, Hikmet"]
[Black "Ozenc, Bugrahan Hamza"]
[Result "0-1"]
[WhiteElo "1775"]
[BlackElo "1491"]
[PlyCount "56"]
[EventDate "2016.01.30"]
[EventType "swiss"]
[EventRounds "11"]
[EventCountry "TUR"]
[SourceTitle "CBM 170 Extra"]
[Source "ChessBase"]
[SourceDate "2016.02.25"]
[SourceVersion "1"]
[SourceVersionDate "2016.02.25"]
[SourceQuality "1"]

1. e4 c6 2. d4 d5 3. Nc3 dxe4 4. Nxe4 Bf5 5. Ng3 Bg6 6. h4 h6 7. Nf3 Nd7 8. h5 Bh7 9. Bd3 Bxd3 10. Qxd3 e6 11. Bd2 Ngf6 12. 0-0-0 c5 13. Rhe1 Be7 14. Kb1 0-0 15. c4 cxd4 16. Nxd4 Nc5 17. Qc3 Na4 18. Qd3 Qb6 19. Qc2 Qxd4 20. Bb4 Qxb2+ 21. Qxb2 Nxb2 22. Bxe7 Nxd1 23. Rxd1 Rfc8 24. c5 Nd5 25. Rxd5 exd5 26. Nf5 Re8 27. Bh4 f6 28. Bg3 Re1+ 0-1

[Event "Manavgat Turkey Cup"]
[Site "Manavgat"]
[Date "2015.02.04"]
[Round "7"]
[White "Erdeveciler, Cem"]
[Black "Bagci, Hikmet"]
[Result "0-1"]
[WhiteElo "1539"]
[BlackElo "1757"]
[PlyCount "76"]
[EventDate "2015.01.31"]
[EventType "swiss"]
[EventRounds "11"]
[EventCountry "TUR"]
[SourceTitle "CBM 164 Extra"]
[Source "ChessBase"]
[SourceDate "2015.03.02"]
[SourceVersion "1"]
[SourceVersionDate "2015.03.02"]
[SourceQuality "1"]

1. c4 Nf6 2. e3 e6 3. d4 d5 4. a3 Be7 5. Nc3 0-0 6. c5 b6 7. b4 a5 8. Bb2 Bb7 9. Nf3 Ne4 10. Nxe4 dxe4 11. Ne5 Bd5 12. Bc4 f6 13. Bxd5 exd5 14. Ng4 h5 15. Nh6+ gxh6 16. Qxh5 Kg7 17. Qg4+ Kf7 18. Qh5+ Ke6 19. Qxh6 Rh8 20. Qf4 Rg8 21. h4 axb4 22. axb4 Rxa1+ 23. Bxa1 Na6 24. Bc3 Qd7 25. h5 Qb5 26. g4 Nxb4 27. Qf5+ Kf7 28. Qh7+ Kf8 29. Bxb4 Qxb4+ 30. Kf1 Qc4+ 31. Kg2 Rg7 32. Qf5 Qe2 33. Rh4 Qf3+ 34. Qxf3 exf3+ 35. Kxf3 f5 36. Rh1 f4 37. Kxf4 bxc5 38. dxc5 Bxc5 0-1

[Event "Manavgat Turkey Cup"]
[Site "Manavgat"]
[Date "2015.02.03"]
[Round "5"]
[White "Macit, Yalcin"]
[Black "Bagci, Hikmet"]
[Result "0-1"]
[WhiteElo "1558"]
[BlackElo "1757"]
[PlyCount "125"]
[EventDate "2015.01.31"]
[EventType "swiss"]
[EventRounds "11"]
[EventCountry "TUR"]
[SourceTitle "CBM 164 Extra"]
[Source "ChessBase"]
[SourceDate "2015.03.02"]
[SourceVersion "1"]
[SourceVersionDate "2015.03.02"]
[SourceQuality "1"]

1. d4 Nf6 2. Nf3 e6 3. a3 c5 4. e3 Nc6 5. c4 d6 6. Nc3 Be7 7. Bd3 h6 8. 0-0 a6 9. d5 Ne5 10. Nxe5 dxe5 11. e4 Qc7 12. f4 exf4 13. Bxf4 e5 14. Bg3 Bd7 15. Bc2 0-0 16. Ba4 Bg4 17. Qd3 Rad8 18. h3 Bc8 19. Rab1 Ne8 20. Bxe8 Rdxe8 21. b4 cxb4 22. axb4 b6 23. Bf2 f5 24. Rfd1 Rd8 25. Qe2 fxe4 26. Nxe4 Bf5 27. Rdc1 Bxe4 28. Qxe4 Rf4 29. Qd3 Bxb4 30. Rxb4 Rxf2 31. Qe3 Rf6 32. Rcb1 Rdd6 33. Qxe5 a5 34. Ra4 Qc5+ 35. Kh1 Rf2 36. Qe8+ Kh7 37. Qe4+ Rg6 38. Raa1 Qd6 39. Rg1 Rf4 40. Qd3 Kg8 41. Rae1 Rf8 42. Rgf1 Rgf6 43. Rxf6 Rxf6 44. Re8+ Kf7 45. Rc8 Qe5 46. Rc6 Qe1+ 47. Kh2 Qe5+ 48. Kh1 Qa1+ 49. Kh2 Qe5+ 50. Kh1 Ke7 51. Qb1 Rxc6 52. dxc6 Qd4 53. Qf5 Qd1+ 54. Kh2 Qd6+ 55. Kh1 Qxc6 56. Qe5+ Kf7 57. Qf5+ Kg8 58. Qf4 a4 59. Qb8+ Kh7 60. Qf4 a3 61. Qf5+ Qg6 62. Qf1 a2 63. Kh2 0-1

[Event "Arber op Seniors 1st"]
[Site "Bayerisch Eisenstein"]
[Date "2013.07.04"]
[Round "6"]
[White "Klundt, Klaus"]
[Black "Bagci, Hikmet"]
[Result "1-0"]
[WhiteElo "2338"]
[BlackElo "1872"]
[PlyCount "109"]
[EventDate "2013.06.29"]
[EventType "swiss"]
[EventRounds "9"]
[EventCountry "GER"]
[SourceTitle "EXT 2014"]
[Source "ChessBase"]
[SourceDate "2013.11.20"]
[SourceVersion "1"]
[SourceVersionDate "2013.11.20"]
[SourceQuality "1"]

1. e4 c5 2. Nf3 d6 3. d4 cxd4 4. Nxd4 Nf6 5. Nc3 a6 6. Be3 e5 7. Nb3 Be6 8. Qd2 Nbd7 9. f4 b5 10. 0-0-0 Be7 11. h3 b4 12. Nd5 Nxe4 13. Qxb4 Bxd5 14. Rxd5 Ng3 15. Rg1 Nxf1 16. Rxf1 0-0 17. Kb1 Nf6 18. Rd3 Rb8 19. Qa4 Qc8 20. Rfd1 Qb7 21. g4 Rfc8 22. Bc1 Nd7 23. Qa5 Nc5 24. Nxc5 Rxc5 25. Qd2 Rb5 26. b3 e4 27. Rd5 Re8 28. c4 Rxd5 29. Qxd5 Qxd5 30. Rxd5 g6 31. Kc2 Bf8 32. Be3 f6 33. b4 Rc8 34. Kb3 Kf7 35. f5 Re8 36. Kc3 Re5 37. Kd4 gxf5 38. gxf5 Ke7 39. Bf4 Rxd5+ 40. Kxd5 Kd7 41. a4 Be7 42. b5 axb5 43. axb5 Bd8 44. Kxe4 Bb6 45. Be3 d5+ 46. cxd5 Bc7 47. Bd4 Ke7 48. Bc5+ Kd7 49. d6 Ba5 50. Kd5 Bc3 51. b6 Kc8 52. Kc6 Be5 53. b7+ Kb8 54. d7 Bc7 55. Bd6 1-0

[Event "Istanbul op-A 11th"]
[Site "Istanbul"]
[Date "2012.09.05"]
[Round "6"]
[White "Soltanici, Ruslan"]
[Black "Bagci, Hikmet"]
[Result "1-0"]
[WhiteElo "2425"]
[BlackElo "1881"]
[PlyCount "85"]
[EventDate "2012.08.30"]
[EventType "swiss"]
[EventRounds "9"]
[EventCountry "TUR"]
[SourceTitle "CBM 150 Extra"]
[Source "ChessBase"]
[SourceDate "2012.10.19"]
[SourceVersion "1"]
[SourceVersionDate "2012.10.19"]
[SourceQuality "1"]

1. e4 c5 2. Nf3 d6 3. d4 cxd4 4. Nxd4 Nf6 5. Nc3 a6 6. Be3 e5 7. Nf3 Be7 8. Bc4 b5 9. Bd5 Nxd5 10. Qxd5 Nc6 11. Qxc6+ Bd7 12. Qb6 0-0 13. Qxd8 Rfxd8 14. 0-0-0 Be6 15. Nd5 Kf8 16. Rd2 h6 17. Kb1 Rac8 18. Rhd1 Bg4 19. h3 Bh5 20. Bb6 Rd7 21. Nxe7 Kxe7 22. g4 Rb7 23. Rxd6 Bg6 24. Nh4 Bxe4 25. Nf5+ Bxf5 26. gxf5 f6 27. b4 Ke8 28. Bc5 a5 29. a3 axb4 30. axb4 Ra8 31. Kb2 Rc8 32. h4 Ra8 33. h5 Rc8 34. Kb3 Ra8 35. c4 bxc4+ 36. Kxc4 Rc8 37. Ra1 Kf7 38. Rda6 Kg8 39. Ra8 Rbb8 40. Rxb8 Rxb8 41. b5 Re8 42. b6 e4 43. b7 1-0

[Event "TUR-ch"]
[Site "Kemer"]
[Date "2012.01.31"]
[Round "5"]
[White "Civi, Akin"]
[Black "Bagci, Hikmet"]
[Result "1/2-1/2"]
[WhiteElo "1537"]
[BlackElo "1859"]
[PlyCount "100"]
[EventDate "2012.01.29"]
[EventType "swiss"]
[EventRounds "10"]
[EventCountry "TUR"]
[SourceTitle "CBM 146 Extra"]
[Source "ChessBase"]
[SourceDate "2012.02.29"]
[SourceVersion "1"]
[SourceVersionDate "2012.02.29"]
[SourceQuality "1"]

1. e4 c5 2. Nf3 e6 3. d4 cxd4 4. Nxd4 Nf6 5. Nc3 d6 6. Bc4 Be7 7. 0-0 0-0 8. Be3 a6 9. a3 Qc7 10. Bb3 Nc6 11. f4 Rd8 12. Qe2 Nxd4 13. Bxd4 b5 14. Rad1 Bb7 15. Bf2 d5 16. exd5 Nxd5 17. Nxd5 exd5 18. Bd4 Bc5 19. c3 Bxd4+ 20. Rxd4 Rd7 21. Rfd1 Rad8 22. Bxd5 Bxd5 23. Rxd5 Qa7+ 24. Kf1 Kf8 25. Rxd7 Rxd7 26. Rxd7 Qxd7 27. Kf2 Qd6 28. g3 h6 29. Qe3 Qg6 30. Qd4 Qc2+ 31. Ke3 Qc1+ 32. Qd2 Qg1+ 33. Kf3 Qf1+ 34. Kg4 h5+ 35. Kh4 Kg8 36. Qd8+ Kh7 37. Qd5 Qf2 38. Qxh5+ Kg8 39. h3 Qxb2 40. Qc5 Qb3 41. Qc8+ Kh7 42. Qxa6 Qxc3 43. Qd6 Qc4 44. Kg5 Qc3 45. Kh4 Qc4 46. g4 Qc3 47. f5 Qe1+ 48. Qg3 Qe7+ 49. g5 Qe4+ 50. Qg4 Qe1+ 1/2-1/2